Central Library, Doon University
WEBOPAC (ONLINE PUBLIC ACCESS CATALOGUE)

Principles of Paleontology (Record no. 60278)

MARC details
000 -LEADER
fixed length control field 00494nam a22002057a 4500
005 - DATE & TIME
control field 20260207162822.0
008 - FIXED-LENGTH DATA ELEMENTS--GENERAL INFORMATION
fixed length control field 260207b |||||||| |||| 00| 0 eng d
020 ## - ISBN
International Standard Book Number 9788123909172
Price 575.00
040 ## - CATALOGING SOURCE
Original cataloging agency Doon University
041 ## - Language
Language English
082 ## - DDC NUMBER
Classification number 560
Book Number RAU
100 ## - MAIN ENTRY--PERSONAL NAME
Personal name Raup, David M.
245 ## - TITLE STATEMENT
Title Principles of Paleontology
250 ## - EDITION STATEMENT
Edition statement 2nf
260 ## - PUBLICATION, DISTRIBUTION, ETC. (IMPRINT)
Place of publication, distribution, etc New Delhi
Name of publisher, distributor, etc CBS
Date of publication, distribution, etc 2004
300 ## - PHYSICAL DESCRIPTION
Pages 481
650 ## - Subject
Subject Geology
700 ## - Added Entry Personal Name
Added Entry Personal Name Stanley Steven M.
942 ## - ADDED ENTRY ELEMENTS (KOHA)
Koha item type Books
100 ## - MAIN ENTRY--PERSONAL NAME
-- 26232
650 ## - Subject
-- 1039
700 ## - Added Entry Personal Name
-- 26233
952 ## - LOCATION AND ITEM INFORMATION (KOHA)
-- 2026-02-07
952 ## - LOCATION AND ITEM INFORMATION (KOHA)
-- 2026-02-07
952 ## - LOCATION AND ITEM INFORMATION (KOHA)
-- 2026-02-07
Holdings
Withdrawn status Lost status Source of classification or shelving scheme Damaged status Not for loan Location (home branch) Sublocation or collection (holding branch) Date acquired Koha issues (times borrowed) Koha full call number Accession No. Koha date last seen Koha item type
          Doon University Doon University 07.02.2026   560 RAU 52530 07.02.2026 Books
          Doon University Doon University 07.02.2026   560 RAU 52531 07.02.2026 Books
          Doon University Doon University 07.02.2026   560 RAU 52532 07.02.2026 Books
Contact : +91-135-2533126 (Library),+91-135-2533105 (Admin Office) , Email : doonlibrary@gmail.com

Powered by Koha